MDQL
is popping MORE tags! Check the
thread
!
Quizzes
Events
Quiz Creation
Community
Videos
Private Events
Remove Ads
Sign In
Join for FREE
Feedback
Dark Mode
Quiz Categories
Sports
Geography
Music
Movies
Television
Just For Fun
Miscellaneous
History
Literature
Language
Science
Gaming
Entertainment
Religion
Holiday
For Kids
Quiz Lab
Recent
Popular Today
Quiz Kudos Today
Editor Picks
Curator Picks
Quizzes by...
Day
Popularity
Type
Ratings
Length
Year
Community
Subscriptions
Recent Discussions
Orange Saloon
Badges
Playlists
Quests
Create
Leaderboards
Showdown
Live 5
Trivia Bingo
Activity
Puzzle Library
Sporcle Events
Private Events
Virtual Trivia
Globe League
Become a Host
Pub Owners
SporcleCon
Opinionation
Our Games
Videos
Blog
Mobile Apps
Partnerships
Remove Ads and Go Orange
Feedback
Entertainment
Celebrity
Famous
Musical
Broadway
Show
Quote
Comic Books
Anime
Superhero
DC Comics
Marvel
Cartoons
Animation
Entertainment
Celebrity
Famous
Musical
Broadway
Show
Quote
Comic Books
Anime
Superhero
DC Comics
Marvel
Cartoons
Animation
Random Quiz
Search Sporcle
×
Quiz Lab
Quiz Lab
Entertainment
Clickable
Select answers by clicking on text or image buttons
Select answers by clicking on text or image buttons
Clickable
Best Score? Go Orange.
Survivor 1st Boots Stats
Can you pick the Survivor 1st Boots in order? They will go in order from Borneo to Edge of Extinction
By
teacher0701
6m
42 Questions
971 Plays
971 Plays
971 Plays
Comments
Comments
Give Quiz Kudos
Give Quiz Kudos
-
- Ratings
hide this ad
Forced Order
Answers have to be entered in order
Answers have to be entered in order
Random Order
Randomize order of answers
Randomize order of answers
Replay
Link that replays current quiz
Next Quiz
Link to next quiz in quiz playlist
You Got
0%
They Got
Avg Score
35%
Avg Friend Score
Upgrade to see
Score Distribution
Jump to the score distribution portion of the page
Score
0/42
Timer
06:00
0
Plays Today
% Correct
Sonja
97.8%
Debb
87.5%
Diane
76.4%
Peter
66%
Ronnie
62.5%
Natalie *
62.5%
John
56%
Ryan
54.8%
Nicole
53.1%
Tina
50.7%
Jolanda
50.3%
Brook
50.1%
Eric
50%
Tina
49.9%
Sekou
45.5%
Jim
44.7%
Chicken
41.9%
Johnny
40.5%
Sugar
37.8%
Jessica
37.5%
37.5%
% Correct
Carolina
37.1%
Michelle
35.8%
Marisa
35.5%
Francesca
34.9%
Francesca
34.3%
Wendy Jo
34.1%
Zane
33.9%
Semhar
33.3%
Kourtney
33.2%
Vytas
31.9%
Reem
31.8%
Rupert
31.5%
Nadiya
31.4%
David
31.2%
So
31.1%
Ciera
30.9%
Darnell
30.5%
Pat
29.8%
Rachel
29.7%
Katrina
29.5%
Gonzalez
28.8%
Quiz Playlist
Details
Report
Send in Message
Add To Playlist
Clickable:
Select answers by clicking on text or image buttons
Forced Order:
Answers have to be entered in order
Random Order:
Randomize order of answers
Last Updated: Aug 27, 2023
Quiz Scoreboard
CHALLENGE
Sign Up to Join the Scoreboard
Show All
Scores
Hide
Comments
May contain spoilers
Recently Published
Colored Red Africa Blitz
by spor1
Geography
30s
Find the 'City' Movie
by crazypaving
Movies
60s
5x2 Blitz: Bands
by SL_Kpop136
Music
30s
More to Explore
Quiz From the Vault
Featured Blog Post
14 Easter Pick-up Lines to Find Eggs With
hide this ad
You Might Also Like...
Tags
Clickable Quiz
boot
Order
Survivor
Today's Top Quizzes in Entertainment
Browse Entertainment
hide this ad
Today's Top Quizzes in Clickable
Browse Clickable
Top Contributed Quizzes in Entertainment
1
Dragon Ball Z: Goku's Fights in Order
2
Marvel Characters Bunker
3
Marvel Classic Character Map
4
Celebrity Spelling Bee
5
This is Your Life: Edward Elric
6
This is Your Life: Itachi Uchiha
7
Dragon Ball Z: Immortal Characters
8
X-Men: 10 to 1
9
Fairy Tail 12-1
10
Finish The Line - Starship (Starkid)
Explore More
Trending Topics
Disney
Kpop
Harry Potter
Crossword
NBA
Marvel
Anime
Soccer
NFL
Country
The Office
Puzzle
WWE
Pokémon
Song
hide this ad
More By:
teacher0701
Quiz
Plays
Rating
Category
Featured
Created
Survivor 1st Boots
971
4.33
Entertainment
Oct 12, 2014
Every 1st Juror- 37 Survivor Seasons
264
4.50
Television
Jun 7, 2017
Survivor Contestants 60 Plus
225
Television
Jun 5, 2017
Survivor Contestants Who Have Beaten the Culpeppers
158
5.00
Television
Jun 5, 2017
Survivor Contestants Who Have Beaten JT Thomas
155
5.00
Television
Jun 5, 2017
Go to Creator's Profile
Score Distribution
Quiz Creator Spotlight
teacher0701
Follow
Send a Message
Quizzes Created
-
Created Quiz Play Count
-
More By This Creator
Popular Quizzes Today
1
Find the 'City' Movie
2
5x2 Blitz: Bands
3
Colored Red Africa Blitz
4
Find the US States - No Outlines Minefield
5
The Countries of the World
6
Find the US States
7
9x9 Crossword: Cartoon Network
8
US States
More Entertainment Quizzes
Disabled Fictional Characters
Quiz Lab
Trending Quizzes
Colored Red Europe Blitz I
Colored Red Africa Blitz II
Colored Red Africa Blitz III
Colored Red Europe Blitz III
Colored Red Europe Blitz II
Recently Updated
Champions League XIs: Real Madrid
pecheneg
Largest US Cities 1790-2010
pecheneg
Rides in Walt Disney World
pecheneg
Most Oscar Losses (Acting)
pecheneg
Beyoncé Albums
pecheneg
Leaping Animals
pecheneg
Reality TV Shows (A-Z)
bhenderson79
Rickey Henderson's Hall of Fame Teammates
pecheneg
Champions League XIs: Arsenal
pecheneg
Quick Pick: Celebrities in WWE's Hall of Fame
aduchscher
Trending Topics
Crossword
Harry Potter
Marvel
Anime
Disney
Kpop
NBA
Soccer
Pokémon
NFL
Country
Puzzle
WWE
Song
The Office
Your Account Isn't Verified!
In order to create a playlist on Sporcle, you need to verify the email address you used during registration. Go to your
Sporcle Settings
to finish the process.
Report this User
Report this user for behavior that violates our
Community Guidelines
.
Details:
Send Report
Go to the Sporcle.com Mobile Site →
Comments